Normal view
MARC view
Entry Topical Term
001 - CONTROL NUMBER
- control field: 6601
003 - CONTROL NUMBER IDENTIFIER
- control field: OSt
005 - DATE AND TIME OF LATEST TRANSACTION
- control field: 20190626060140.0
008 - FIXED-LENGTH DATA ELEMENTS
- fixed length control field: 190626|| aca||aabn | a|a d
040 ## - CATALOGING SOURCE
- Original cataloging agency: OSt
- Transcribing agency: OSt
150 ## - HEADING--TOPICAL TERM
- Topical term or geographic name entry element: Communication organisation
670 ## - SOURCE DATA FOUND
- Source citation: Work cat.: (OSt): Comfort, Louise K. 6600, Organizational adaptation under stress: tracing communication processes in four California County Health Departments during the HINI threat, April 28, 2009, to March 11, 2011, 2019
